000 00323nam a22001457a 4500
008 210303b ||||| |||| 00| 0 eng d
020 _a9780030642821
041 _aeng
080 _a51
082 _a51
100 _a36
101 _aMAT
245 _aAlgebra Essentials and Applications
_cPower, J.C
942 _2udc
_cBK
999 _c55629
_d55629